ბათუმის შოთა რუსთაველის სახელმწიფო უნივერსიტეტის ბიბლიოთეკა

საქართველოს თანამედროვე საერთაშორისო ეკონომიკური ურთიერთობები : (ბიბ.ჩანაწერი № 61403)

000 -ლიდერი
ფიქსირებული სიგრძის საკონტროლო ველი 01969nam a22003017a 4500
003 - საკონტროლო ნომრის იდენტიფიკატორი
საკონტროლო ველი Ge_BSU
005 - ბოლო ოპერაციის თარიღი და დრო
საკონტროლო ველი 20240306171719.0
008 - ფიქსირებული სიგრძის მონაცემთა ელემენტები - ზოგადი ინფორმაცია
ფიქსირებული სიგრძის საკონტროლო ველი 240306s2024 ge ||||| |||| 00| 0 geo d
020 ## - წიგნის საერთაშორისო სტანდარტული ნომერი
International Standard Book Number 9789941861901
041 ## - ენის კოდი
Language code of text/sound track or separate title geo
080 ## - უნივერსალური ათობითი კლასიფიკაციის ინდექსი
Universal Decimal Classification number 339.9(479.22) ს-32
100 ## - მთავარი ჩანაწერი - პიროვნების სახელი
Personal name ვეშაპიძე, შოთა
9 (RLIN) 21348
245 ## - ცნობა სათაურის შესახებ
Title საქართველოს თანამედროვე საერთაშორისო ეკონომიკური ურთიერთობები :
Remainder of title მონოგრაფია /
Statement of responsibility, etc ს. ვეშაპიძე, ლ. ბახტაძე, რ. ფუტკარაძე [და სხვა]; შოთა ვეშაპიძის საერთო რედაქციით; რედაქტორი თეიმურაზ შენგელია.
264 ## - წარმოების, გამოცემის, დისტრიბუციის და სხვა ცნობები
გამოცემის, წარმოების, დისტრიბუციის... ადგილი თბილისი :
გამოცემის, წარმოების, დისტრიბუციის... თარიღი 2024.
300 ## - ფიზიკური აღწერა
Extent 204 გვ. :
Other physical details ნახ., ცხრ. ;
Dimensions 24 სმ.
500 ## - ზოგადი შენიშვნა
General note გარეკანი ქართულ და ინგლისურ ენებზე.
504 ## - BIBLIOGRAPHY, ETC. NOTE
Bibliography, etc ბიბლიოგრაფია: გვ. 181-196.
700 ## - ADDED ENTRY--PERSONAL NAME
Personal name ბახტაძე, ლელა
Relator term ავტორი
9 (RLIN) 21349
700 ## - ADDED ENTRY--PERSONAL NAME
Personal name ფუტკარაძე, რამაზ
Relator term ავტორი
9 (RLIN) 21350
700 ## - ADDED ENTRY--PERSONAL NAME
Personal name ხარიტონაშვილი, ჯემალ
Relator term ავტორი
9 (RLIN) 21351
700 ## - ADDED ENTRY--PERSONAL NAME
Personal name დანელია, ირაკლი
Relator term ავტორი
9 (RLIN) 14542
700 ## - ADDED ENTRY--PERSONAL NAME
Personal name დანელია, ირაკლი
Relator term ავტორი
9 (RLIN) 14542
700 ## - ADDED ENTRY--PERSONAL NAME
Personal name დანელია, ირაკლი,
Relator term ავტორი
9 (RLIN) 14542
700 ## - ADDED ENTRY--PERSONAL NAME
Personal name ლომინაშვილი, მიხეილ
Relator term ავტორი
9 (RLIN) 21352
700 ## - ADDED ENTRY--PERSONAL NAME
Personal name შენგელია, თეიმურაზ
Relator term რედაქტორი
9 (RLIN) 21353
700 ## - ADDED ENTRY--PERSONAL NAME
Personal name ჩანტლაძე, ნანუკა
Relator term ავტორი
9 (RLIN) 21354
942 ## - ADDED ENTRY ELEMENTS (KOHA)
Source of classification or shelving scheme
Koha item type წიგნი
ეგზემპლარები
ჩამოწერის სტატუსი დაკარგული ეგზემპლარის სტატუსი კლასიფიკაციის წყარო ან თაროზე გაწყობის სქემა დაზიანების სტატუსი არ გაიცემა მუდმივი მდებარეობა (დაცვის ადგილი) ამჟამინდელი ადგილსამყოფელი თაროზე განთავსების ადგილი შეძენის თარიღი ღირებულება, შესყიდვის ნორმალური ფასი სრული შენახვის შიფრი შტრიხკოდი ბოლო ოპერაციის თარიღი ეგზემპლარის მიმდევრობითი ნომერი (კეტერი?) Uniform Resource Identifier ფასის ძალაში შესვლის თარიღი ეგზემპლარის სახეობა საჯარო შენიშვნა
          ბათუმის შოთა რუსთაველის სახელმწიფო უნივერსიტეტის მთავარი ბიბლიოთეკა ბათუმის შოთა რუსთაველის სახელმწიფო უნივერსიტეტის მთავარი ბიბლიოთეკა წიგნსაცავი 2024-03-06 8.00 339.9(479.22) ს-32 67618 2024-03-06 67618 ნაჩუქარი 2024-03-06 წიგნი 8 ლ.
          ბათუმის შოთა რუსთაველის სახელმწიფო უნივერსიტეტის მთავარი ბიბლიოთეკა ბათუმის შოთა რუსთაველის სახელმწიფო უნივერსიტეტის მთავარი ბიბლიოთეკა წიგნსაცავი 2024-03-06 8.00 339.9(479.22) ს-32 67619 2024-03-06 67619 ნაჩუქარი 2024-03-06 წიგნი 8 ლ.